Finish the Lyrics - The Fresh Prince of Bel-Air - Statistics

General Stats
  • This quiz has been taken 141 times
  • The average score is 26 of 39
Answer Stats
Hint Answer % Correct
My ____ got flipped-turned upside down life
100%
Now, this is a _____ all about how story
100%
I'll tell you how I became the prince of a town called ___-___ Bel-Air
98%
She said, "You're movin' with your auntie and uncle in ___-___" Bel-Air
98%
Is this what the people of ___-___ living like? Bel-Air
98%
I hope they're prepared for the prince of ___-___ Bel-Air
98%
But I thought "Nah, forget it, yo, holmes to ___-___" Bel-Air
98%
To sit on my throne as the prince of ___-___ Bel-Air
98%
When a couple of guys who were up to no ____ good
93%
And I'd like to take a ______ minute
91%
Just ___ right there sit
91%
I got in one little fight and my mom got ______ scared
90%
In ____ ____________ born and raised West Philadelphia
87%
Chillin' out, maxin', relaxin', all ____ cool
86%
And all shootin' some b-ball outside of the ______ school
86%
On the __________ was where I spent most of my days playground
85%
Started making trouble in my ____________ neighborhood
82%
But she packed my suitcase and sent me on my ___ way
77%
I'll see when I get _____ there
65%
I was finally _____ there
65%
Drinking ______ juice out of a champagne glass orange
63%
I whistled for a ___ and when it came near cab
57%
I pulled up to the _____ about seven or eight house
54%
And I yelled to the cabbie, "Yo holmes, _____ ya later" smell
54%
I don't _____ so think
54%
Well, the _____ landed and when I came out plane
53%
I begged and pleaded with her ___ after ___ day
47%
I looked at my _______ kingdom
44%
Hmm, this might be _______ alright
43%
The license plate said, "_____" and it had dice in the mirror fresh
42%
I put my Walkman on and said, "I might as well ____ it" kick
42%
She gave me a kiss and then she gave me my ______ ticket
42%
If anything I could say that this cab was ____ rare
37%
First class, yo this is ___ bad
30%
Is this the type of place that they just send this cool ___? cat
29%
I ain't trying to get ________ yet, I just got here arrested
24%
There was a dude who looked like a ___ standing there with my name out cop
23%
But wait, I hear they're prissy, bourgeois, all ____ that
23%
I sprang with the quickness like lightning, ___________ disappeared
17%
No matching quizzes found
Score Distribution
Percent of People with Each Score
Percentile by Number Answered
Your Score History
You have not taken this quiz